00543nam a2200157Ia 4500008004100000020001800041050001500059100003500074245006600109260003500175300003500210500006100245650002200306650002400328700003300352120626s1984 sp 000 0 spa d a84-7214-390-2 aNC730 E38  aEdwards, Betty d1926-eautor aAprender a dibujar, Un método garantizadoc/ Betty Edwards aEspañab: Herman blumec1984 a207 páginasb: ilustraciones aTitulo original: Drawing on the right side of the brain  aDIBUJOxTÉCNICA aPERCEPCIÓN VISUAL aIbeas, Juan Manuel traductor